000 00207nam a22000857a 4500
008 161125b xxu||||| |||| 00| 0 eng d
100 _91415
_aHousel.E.etal.
245 _aGraphing Grade-4
260 _aUSA
_bTCR
_c2010
999 _c4134
_d4134